Visualizzazione normale
Vista MARC
- Fridhofer Hugo
di Personal Name
Records bibliografici associati: 1
001 - CONTROL NUMBER
- control field: 40836
003 - CONTROL NUMBER IDENTIFIER
- control field: IT-RoPau
005 - DATE AND TIME OF LATEST TRANSACTION
- control field: 20151126155545.0
008 - FIXED-LENGTH DATA ELEMENTS
- fixed length control field: 151126|| aca||aabn | a|a d
040 ## - CATALOGING SOURCE
- Original cataloging agency: IT-RoPau
- Transcribing agency: IT-RoPau
100 ## - HEADING--PERSONAL NAME
- Personal name: Fridhofer Hugo
- Relator term: (musica)
- Miscellaneous information: Codice Musica SPICS: 28746
670 ## - SOURCE DATA FOUND
- Source citation: Work cat.: (IT-RoPau)105337: Fleming Victor Codice regista SPICS: 13315 40831, GIOVANNA D'ARCO GIOVANNA D'ARCO (Rif. Codice opera principale : B9478)